000 00562nam a2200181Ia 4500
005 20250326125445.0
008 250326s9999 xx 000 0 und d
037 _aTextbook
040 _aFMSL
_beng
_cFMSL
041 _aeng
_2eng
084 _aY15y7 M5
_qFMSL
100 _aSharma N
_9305692
245 0 _aPolitical socialization and its impact on attitudinal change towards social and political system
_cSharma N
260 _aNew Delhi
_bNew Delhi, Inter-India
_c1985
300 _a156p
942 _cTB
_hY15y7 M5
999 _c1278150
_d1278150